000 00644nam a22001817a 4500
003 OSt
005 20150930140248.0
008 130218t xxu||||| |||| 00| 0 eng d
050 _aHB 601
_b.In61 1997
082 _aFIL 338.04
_bIn8 1997
110 _aSmall Enterprises Research and Development Foundation (SERDEF).
245 _aIntroduction to entrepreneurship /
_cSmall Enterprises Research and Development Foundation (SERDEF) in cooperation with UP Institute for Small-Scale Industries.
300 _aviii, 280 pages ;
_c21 cm.
500 _aIncludes bibliographical references.
562 _e1
942 _2lcc
_cBK
_kLOC
999 _c1859
_d1859